Gaming Quiz

Random Gaming Quiz

Super Smash Bros.: Donkey Kong's Custom Moves Quiz Stats

 Plays Quiz not verified by Sporcle

Challenge
Share
Tweet
Embed
Score 0/12 Timer 01:30
0 Plays Today
Direction Move % Correct
Neutral BGiant Punch
100%
Side BHeadbutt
96.9%
Up BSpinning Kong
96.9%
Down BHand Slap
96.9%
Neutral BLightning Punch
84.4%
Down BHot Slap
84.4%
Neutral BStorm Punch
81.3%
Side BJumping Headbutt
81.3%
Side BStubborn Headbutt
81.3%
Up BKong Cyclone
81.3%
Up BChopper Kong
78.1%
Down BFocused Slap
75%

You're not logged in!

Compare scores with friends on all Sporcle quizzes.
Join for Free
OR
Log In

You Might Also Like...

Show Comments

Extras

Created Oct 26, 2014ReportNominate
Tags:bro, custom, direction, donkey, kong, smash

Top Quizzes Today


Score Distribution

Your Account Isn't Verified!

In order to create a playlist on Sporcle, you need to verify the email address you used during registration. Go to your Sporcle Settings to finish the process.

Report this User

Report this user for behavior that violates our Community Guidelines.

Details: